[Event "4NCL Online Division 5"]
[Site "online"]
[Date "2021.08.24"]
[EventDate "2021.08.24"]
[Round "1.193"]
[White "Vijayakumar, Rishi"]
[WhiteElo "1497"]
[WhiteTeam "Dundee City D"]
[Black "Bazan, Mateusz"]
[BlackElo "1548"]
[BlackTeam "Charlton Cobras B"]
[Result "1-0"]
[PlyCount "57"]

1. e4 e6 2. d4 d5 3. Nc3 Bb4 4. e5 c5 5. a3 cxd4 6. axb4 dxc3 7. Qg4 g6 8. h4 h5 9. Qg3 cxb2 10. Bxb2 Ne7 11. Bd3 Nbc6 12. Qf4 d4 13. Qf6 Rf8 14. Nf3 Nxb4 15. Bb5+ Bd7 16. Nxd4 Nxc2+ 17. Nxc2 Bxb5 18. Ba3 Rc8 19. Rd1 Qc7 20. Rh3 Nd5 21. Rxd5 exd5 22. Qg7 Kd7 23. Bxf8 Rxf8 24. Qxf8 Qxc2 25. Qxf7+ Kc6 26. Qf6+ Kd7 27. e6+ Kc8 28. Rc3+ Qxc3+ 29. Qxc3+ 1-0

[Event "4NCL Online Division 5"]
[Site "online"]
[Date "2021.08.24"]
[EventDate "2021.08.24"]
[Round "1.194"]
[White "Verbytski, Oleg"]
[WhiteElo "1462"]
[WhiteTeam "Charlton Cobras B"]
[Black "Sallai, Peter"]
[BlackElo "1435"]
[BlackTeam "Dundee City D"]
[Result "1-0"]
[PlyCount "127"]

1. e4 c6 2. d4 d5 3. Nc3 dxe4 4. Nxe4 Nd7 5. Nf3 Ngf6 6. Nxf6+ Nxf6 7. Bf4 e6 8. Bd3 Bb4+ 9. c3 Be7 10. Qd2 b6 11. h4 h5 12. Be5 O-O 13. Qe2 g6 14. Qd2 Kh7 15. Ng5+ Kg8 16. Ne4 Kh7 17. O-O-O Bb7 18. Ng5+ Kg8 19. Bxg6 fxg6 20. Nxe6 Qd5 21. Nxf8 Rxf8 22. b3 Ba3+ 23. Kb1 Ng4 24. f3 Nxe5 25. dxe5 Qxe5 26. Rhe1 Qf5+ 27. Ka1 Rf7 28. Qh6 Qf6 29. Re3 b5 30. Red3 Bf8 31. Qe3 b4 32. Kb1 Bg7 33. Rd8+ Kh7 34. g4 a5 35. gxh5 Qf5+ 36. Qe4 Bxc3 37. hxg6+ Qxg6 38. R8d7 Qxe4+ 39. fxe4 Rxd7 40. Rxd7+ Kg6 41. Rxb7 Kh5 42. Rc7 Kxh4 43. Rxc6 Kg4 44. Rc5 Kf4 45. Rxa5 Kxe4 46. Kc2 Kd4 47. Ra8 Be1 48. Re8 Bc3 49. Rd8+ Kc5 50. Rc8+ Kd4 51. Rxc3 bxc3 52. a4 Kc5 53. Kxc3 Kb6 54. b4 Ka6 55. b5+ Ka5 56. Kc4 Kb6 57. a5+ Kb7 58. Kc5 Ka7 59. b6+ Kb7 60. a6+ Kb8 61. Kc6 Ka8 62. b7+ Ka7 63. Kc7 Kxa6 64. b8=Q 1-0

[Event "4NCL Online Division 5"]
[Site "online"]
[Date "2021.08.24"]
[EventDate "2021.08.24"]
[Round "1.201"]
[White "Tillett, Matthew"]
[WhiteElo "1875"]
[WhiteTeam "Streatham B"]
[Black "Johnson, RN Phil"]
[BlackElo "1611"]
[BlackTeam "Wells Globetrotters 2"]
[Result "1-0"]
[PlyCount "83"]

1. e4 c6 2. d4 d5 3. exd5 cxd5 4. Bd3 Nf6 5. c3 Bg4 6. Qb3 Qd7 7. Bf4 Nc6 8. Nd2 e6 9. Ngf3 Be7 10. Ne5 Qc8 11. Nxg4 Nxg4 12. O-O O-O 13. Qd1 e5 14. dxe5 Ngxe5 15. Bxe5 Nxe5 16. Bxh7+ Kxh7 17. Qh5+ Kg8 18. Qxe5 Qd7 19. Nf3 Rad8 20. Rad1 Bf6 21. Qh5 g6 22. Qh6 Bg7 23. Qh4 Rfe8 24. Rd2 Qf5 25. Rfd1 Rd6 26. c4 Red8 27. Qg5 Qxg5 28. Nxg5 d4 29. Nf3 b6 30. Kf1 Kf8 31. Ke2 d3+ 32. Rxd3 Rxd3 33. Rxd3 Rxd3 34. Kxd3 Bxb2 35. Ke4 Ke7 36. Kd5 Ba3 37. Ne5 a5 38. f4 Bc5 39. h3 Be3 40. f5 gxf5 41. Kc6 f6 42. Nd7 1-0

[Event "4NCL Online Division 5"]
[Site "online"]
[Date "2021.08.24"]
[EventDate "2021.08.24"]
[Round "1.202"]
[White "Hayes, Solomon"]
[WhiteElo "1479"]
[WhiteTeam "Wells Globetrotters 2"]
[Black "Hanney, Matthew"]
[BlackElo "1800"]
[BlackTeam "Streatham B"]
[Result "1-0"]
[PlyCount "71"]

1. e4 c6 2. d4 d5 3. e5 c5 4. dxc5 Nc6 5. Bb5 e6 6. Be3 Bd7 7. Bxc6 Bxc6 8. Nf3 Qa5+ 9. c3 Bb5 10. a4 Bd7 11. b4 Qc7 12. Bd4 Ne7 13. O-O g6 14. Re1 Bg7 15. Qd3 O-O 16. Nbd2 a6 17. c4 dxc4 18. Nxc4 Nc6 19. Qc3 Rfd8 20. Nd6 Ne7 21. Ng5 Be8 22. Qf3 Nf5 23. Bc3 h6 24. Nge4 Bc6 25. Qh3 Rf8 26. Nf6+ Kh8 27. Bd2 Rad8 28. g4 Nd4 29. Bxh6 Nf3+ 30. Kf1 Nxe5 31. Bxg7+ Kxg7 32. g5 Rh8 33. Qc3 Nf3 34. Nfe8+ Kf8 35. Qg7+ Ke7 36. Qxf7# 1-0

[Event "4NCL Online Division 5"]
[Site "online"]
[Date "2021.08.24"]
[EventDate "2021.08.24"]
[Round "1.203"]
[White "Chung, Michael"]
[WhiteElo "1643"]
[WhiteTeam "Streatham B"]
[Black "Rossi, Jonathan"]
[BlackElo "1461"]
[BlackTeam "Wells Globetrotters 2"]
[Result "1-0"]
[PlyCount "27"]

1. e4 c6 2. d4 d5 3. exd5 cxd5 4. Bd3 Nc6 5. Nf3 Nf6 6. O-O Bg4 7. c3 e5 8. dxe5 Nxe5 9. Bb5+ Nfd7 10. Re1 Bxf3 11. Rxe5+ Be7 12. Qxf3 a6 13. Bxd7+ Qxd7 14. Rxd5 1-0

[Event "4NCL Online Division 5"]
[Site "online"]
[Date "2021.08.24"]
[EventDate "2021.08.24"]
[Round "1.204"]
[White "Austin, Antony"]
[WhiteElo "1349"]
[WhiteTeam "Wells Globetrotters 2"]
[Black "Mo, Alex"]
[BlackElo "1423"]
[BlackTeam "Streatham B"]
[Result "0-1"]
[PlyCount "84"]

1. d4 d5 2. Nf3 e6 3. Bf4 Nf6 4. e3 Be7 5. Nbd2 O-O 6. c4 dxc4 7. Bxc4 a6 8. O-O b5 9. Bb3 c5 10. dxc5 Bxc5 11. Rc1 Nbd7 12. Ne5 Bb7 13. Bg5 Rc8 14. Nxd7 Qxd7 15. Bxf6 gxf6 16. Qg4+ Kh8 17. Rfd1 f5 18. Qh4 Qe7 19. Qh5 Qf6 20. Nf3 Qg6 21. Qxg6 hxg6 22. a4 Bxf3 23. gxf3 bxa4 24. Bxa4 Bb4 25. Ra1 a5 26. Rd4 Rfd8 27. Rh4+ Kg7 28. e4 fxe4 29. fxe4 Rd2 30. b3 Rcc2 31. Rf4 e5 32. Rf3 Rb2 33. Be8 f6 34. Rf1 Bc5 35. h4 Bd4 36. Bc6 Rbc2 37. Bd5 g5 38. hxg5 fxg5 39. Rf5 Kh6 40. Rf6+ Kh5 41. Bf7+ Kg4 42. Rf3 Kxf3 0-1

[Event "4NCL Online Division 5"]
[Site "online"]
[Date "2021.08.24"]
[EventDate "2021.08.24"]
[Round "1.211"]
[White "Chapman, Chas"]
[WhiteElo "1561"]
[WhiteTeam "War & Piece Banner"]
[Black "Shepley, Julien M"]
[BlackElo "1912"]
[BlackTeam "Guildford Castles 2"]
[Result "0-1"]
[PlyCount "78"]

1. e4 d5 2. exd5 Qxd5 3. Nc3 Qd6 4. d4 Nf6 5. Nf3 c6 6. Be2 Bg4 7. O-O e6 8. Ne5 Bxe2 9. Qxe2 Nbd7 10. Nxd7 Qxd7 11. Be3 Bd6 12. Rad1 Qc7 13. g3 h5 14. Bg5 O-O-O 15. Ne4 Be7 16. Nxf6 gxf6 17. Bf4 Qa5 18. a3 h4 19. Qe3 hxg3 20. fxg3 Qh5 21. Rd2 Rxd4 22. Qf3 Qxf3 23. Rxf3 Bc5 24. Kg2 Rxd2+ 25. Bxd2 Rd8 26. Bc3 f5 27. h4 Bd4 28. Bxd4 Rxd4 29. b4 Rg4 30. Rf4 Rxf4 31. gxf4 Kd7 32. c4 Ke7 33. c5 f6 34. a4 a6 35. Kg3 e5 36. Kf2 e4 37. Kg3 Kf7 38. Kh3 Kg6 39. Kg3 Kh5 0-1

[Event "4NCL Online Division 5"]
[Site "online"]
[Date "2021.08.24"]
[EventDate "2021.08.24"]
[Round "1.212"]
[White "Jones, H Trevor"]
[WhiteElo "1768"]
[WhiteTeam "Guildford Castles 2"]
[Black "Bailey, Duncan"]
[BlackElo "1389"]
[BlackTeam "War & Piece Banner"]
[Result "0-1"]
[PlyCount "130"]

1. c4 Nf6 2. Nc3 g6 3. e4 d6 4. g3 Bg7 5. Bg2 O-O 6. Nge2 e5 7. d4 exd4 8. Nxd4 Nc6 9. O-O Re8 10. Nxc6 bxc6 11. Re1 Bg4 12. Qa4 c5 13. e5 Bd7 14. Qd1 dxe5 15. Bxa8 Qxa8 16. Nd5 Nxd5 17. Qxd5 Bc6 18. Qd3 Bh1 19. Qf1 Bf3 20. a3 a5 21. Be3 e4 22. Rab1 Rb8 23. b4 cxb4 24. axb4 Rxb4 25. Rxb4 axb4 26. c5 b3 27. Rb1 b2 28. Qe1 Qa1 29. Kf1 Bc3 30. Rxa1 bxa1=Q 31. Qxa1 Bxa1 32. Kg1 f5 33. h3 h5 34. c6 Kf7 35. Bf4 Ke6 36. Bxc7 Kd5 37. Bf4 Kxc6 38. h4 Kd5 39. Kf1 Kd4 40. Be3+ Kd3 41. Bf4 Bd4 42. Bg5 e3 43. fxe3 Bxe3 44. Bd8 f4 45. gxf4 Bxf4 46. Kf2 Bg4 47. Kg2 Ke4 48. Bb6 Kf5 49. Bf2 g5 50. Kh1 Bf3+ 51. Kg1 Kg4 52. Be1 gxh4 53. Bxh4 Kxh4 54. Kf2 Be4 55. Kg1 Kg4 56. Kf2 h4 57. Kf1 h3 58. Kg1 h2+ 59. Kf2 h1=Q 60. Ke2 Qf3+ 61. Ke1 Bg3+ 62. Kd2 Kf4 63. Kc1 Qe3+ 64. Kd1 Qd3+ 65. Kc1 Qc2# 0-1

[Event "4NCL Online Division 5"]
[Site "online"]
[Date "2021.08.24"]
[EventDate "2021.08.24"]
[Round "1.213"]
[White "Thomas, Jacob"]
[WhiteElo "1481"]
[WhiteTeam "War & Piece Banner"]
[Black "Tzanidakis, Michail"]
[BlackElo "1734"]
[BlackTeam "Guildford Castles 2"]
[Result "0-1"]
[PlyCount "74"]

1. e4 c5 2. Nf3 d6 3. d4 cxd4 4. Nxd4 Nf6 5. Nc3 a6 6. Be3 e5 7. Nb3 Be7 8. Qd2 Be6 9. f3 h5 10. Be2 Nbd7 11. O-O-O b5 12. h3 b4 13. Nd5 Bxd5 14. exd5 a5 15. Kb1 Nb6 16. Bb5+ Nfd7 17. Bxb6 Qxb6 18. Bxd7+ Kxd7 19. Qd3 g6 20. g4 Rac8 21. Rhf1 a4 22. Nd2 Bg5 23. Ne4 Be7 24. f4 f5 25. gxf5 gxf5 26. Ng3 e4 27. Qd4 Qc7 28. Rd2 Qc4 29. Qa7+ Kd8 30. Qxa4 Rg8 31. Qa5+ Ke8 32. Ne2 Rg2 33. Qa4+ Kf7 34. Re1 e3 35. Rd3 Qe4 36. Rd4 Rxe2 37. Rdd1 Rexc2 0-1

[Event "4NCL Online Division 5"]
[Site "online"]
[Date "2021.08.24"]
[EventDate "2021.08.24"]
[Round "1.214"]
[White "Cule, Jurica"]
[WhiteElo "1547"]
[WhiteTeam "Guildford Castles 2"]
[Black "O'Neill, Stephen G"]
[BlackElo "1385"]
[BlackTeam "War & Piece Banner"]
[Result "1/2-1/2"]
[PlyCount "79"]

1. d4 d5 2. c4 e6 3. Nc3 Nf6 4. Nf3 Bb4 5. Bd2 O-O 6. e3 Nc6 7. a3 Bd6 8. Bd3 dxc4 9. Bxc4 e5 10. d5 Ne7 11. e4 Bg4 12. O-O c6 13. dxc6 Nxc6 14. Be2 Nd4 15. Bg5 Nxe2+ 16. Qxe2 h6 17. Bxf6 Qxf6 18. Nd5 Qd8 19. Qd3 Rc8 20. Rac1 Rc5 21. Rxc5 Bxc5 22. Nxe5 Be6 23. Nf4 Qxd3 24. Nexd3 Bc4 25. Rc1 Bxd3 26. Nxd3 Bb6 27. Kf1 Rd8 28. Ke2 Rd4 29. f3 g6 30. b3 a5 31. a4 f6 32. Nf4 Kf7 33. Rd1 g5 34. Nd5 Rxd1 35. Kxd1 Bg1 36. h3 Ke6 37. Ke2 Ke5 38. Kd3 f5 39. g4 fxg4 40. fxg4 1/2-1/2

[Event "4NCL Online Division 5"]
[Site "online"]
[Date "2021.08.24"]
[EventDate "2021.08.24"]
[Round "1.221"]
[White "Harrison, Peter K"]
[WhiteElo "1659"]
[WhiteTeam "Devana Corieltauvorum"]
[Black "Williams, Stephen M"]
[BlackElo "1838"]
[BlackTeam "Downend 2"]
[Result "1-0"]
[PlyCount "69"]

1. d4 d5 2. Nf3 Nf6 3. c4 c6 4. e3 Bf5 5. Nc3 e6 6. h3 Nbd7 7. a3 Be7 8. Bd3 dxc4 9. Bxc4 O-O 10. O-O c5 11. d5 exd5 12. Nxd5 Nxd5 13. Bxd5 Qb6 14. e4 Be6 15. Bxe6 Qxe6 16. Qc2 Rad8 17. Bf4 Rfe8 18. Rfe1 h6 19. Rad1 Nf6 20. e5 Nd5 21. Bg3 Rd7 22. Nd2 Red8 23. f4 b5 24. f5 Qb6 25. e6 fxe6 26. fxe6 Rb7 27. Nf3 c4+ 28. Kh1 Ne3 29. Rxd8+ Bxd8 30. Qe4 Nxg2 31. Kxg2 a5 32. Nd4 Bf6 33. Nf5 Be7 34. Nxh6+ gxh6 35. Qg6+ 1-0

[Event "4NCL Online Division 5"]
[Site "online"]
[Date "2021.08.24"]
[EventDate "2021.08.24"]
[Round "1.222"]
[White "Pickup, Ian R"]
[WhiteElo "1783"]
[WhiteTeam "Downend 2"]
[Black "Gray, Paul"]
[BlackElo "1588"]
[BlackTeam "Devana Corieltauvorum"]
[Result "0-1"]
[PlyCount "140"]

1. e4 e5 2. Nf3 d6 3. Nc3 Nf6 4. d4 exd4 5. Nxd4 h6 6. Bc4 Be7 7. O-O O-O 8. Nf5 Nbd7 9. Bxh6 gxh6 10. Nxh6+ Kh7 11. Nxf7 Rxf7 12. Bxf7 Ne5 13. Bh5 Qg8 14. f4 Neg4 15. Bxg4 Bxg4 16. Qd3 Qg6 17. e5 Qxd3 18. cxd3 dxe5 19. fxe5 Bc5+ 20. Kh1 Nh5 21. Ne4 Bd4 22. Rac1 Bxe5 23. h3 Be2 24. Rf5 Ng3+ 25. Nxg3 Bxg3 26. Rc2 Bxd3 27. Rf7+ Kg6 28. Rf3 Bxc2 29. Rxg3+ Kh5 30. Rc3 Bb1 31. Rxc7 Rb8 32. Rc5+ Kg6 33. Ra5 a6 34. a3 Be4 35. Ra4 Bc6 36. Rg4+ Kf5 37. Kh2 Re8 38. Rc4 Re2 39. Rg4 Rxb2 40. Rg3 b5 41. h4 Be4 42. h5 Rd2 43. Rg7 a5 44. h6 Kf6 45. Kh3 Rd1 46. Kh2 Rd5 47. Ra7 Rh5+ 48. Kg3 Rxh6 49. Rxa5 Bd3 50. Ra6+ Kg5 51. Rxh6 Kxh6 52. Kf4 Bc2 53. Ke5 Kg5 54. Kd4 Kg4 55. Kc5 Ba4 56. Kb4 Kg3 57. Kc3 Kxg2 58. Kd3 Kf3 59. Kc3 Ke3 60. Kb2 Kd2 61. Ka1 Kc3 62. Ka2 Kc2 63. Ka1 Kb3 64. Kb1 Kxa3 65. Ka1 Bb3 66. Kb1 Bc4 67. Ka1 b4 68. Kb1 b3 69. Ka1 b2+ 70. Kb1 Bd3# 0-1

[Event "4NCL Online Division 5"]
[Site "online"]
[Date "2021.08.24"]
[EventDate "2021.08.24"]
[Round "1.223"]
[White "Wylie, Steve"]
[WhiteElo "1676"]
[WhiteTeam "Devana Corieltauvorum"]
[Black "Walsh, Shaun"]
[BlackElo "1412"]
[BlackTeam "Downend 2"]
[Result "0-1"]
[PlyCount "82"]

1. d4 Nf6 2. Bf4 g6 3. Nf3 Bg7 4. e3 d6 5. Bd3 O-O 6. O-O c5 7. Nbd2 Nc6 8. c3 cxd4 9. exd4 e5 10. Bg5 exd4 11. Nxd4 Nxd4 12. cxd4 h6 13. Be3 Be6 14. b3 Rc8 15. Rc1 b6 16. Ne4 d5 17. Nxf6+ Bxf6 18. Bxh6 Re8 19. Be3 Qd7 20. Qd2 Bf5 21. Ba6 Rxc1 22. Rxc1 Bg7 23. a4 Qd6 24. Qc3 Qe7 25. Qc6 Be4 26. Qc7 Qb4 27. Qc3 Qe7 28. h3 Bf5 29. Qb2 Qb4 30. Qc3 Qe7 31. Qc7 Qe4 32. Qc6 Re6 33. Qc3 Re8 34. Bb7 Be6 35. Qc6 Rb8 36. Qc7 Re8 37. Qc2 Qh4 38. Qd3 Qe7 39. Ba6 Bf5 40. Qc3 Qe4 41. Qd2 Qe7 0-1

[Event "4NCL Online Division 5"]
[Site "online"]
[Date "2021.08.24"]
[EventDate "2021.08.24"]
[Round "1.224"]
[White "Bleeg, Elliott"]
[WhiteElo "1314"]
[WhiteTeam "Downend 2"]
[Black "Johnson, Andy G"]
[BlackElo "1654"]
[BlackTeam "Devana Corieltauvorum"]
[Result "1-0"]
[PlyCount "147"]

1. e4 d6 2. d4 g6 3. Nf3 Bg7 4. Bc4 Nf6 5. Nc3 O-O 6. O-O Nbd7 7. Be3 a6 8. Qd2 b5 9. Bb3 Rb8 10. d5 b4 11. Ne2 Nxe4 12. Qc1 Bb7 13. Ned4 Ndc5 14. Bc4 a5 15. Bh6 Nf6 16. Nc6 Bxc6 17. dxc6 d5 18. Rd1 e6 19. Qe3 Qd6 20. Bxg7 Kxg7 21. Ne5 Nfe4 22. Nd7 Nxd7 23. cxd7 Nc5 24. d8=Q Rfxd8 25. c3 Qc6 26. Be2 Ne4 27. cxb4 Rxb4 28. Rab1 Rdb8 29. Rbc1 Qb7 30. b3 d4 31. Rxd4 Rxd4 32. Qxd4+ Nf6 33. Qc3 Rd8 34. Qxa5 Qe4 35. Bf1 Nd5 36. Re1 Qc2 37. Qa4 Nc3 38. Qc4 Qd2 39. Ra1 Qb2 40. Re1 Rd2 41. Qf4 Ne2+ 42. Bxe2 Rxe2 43. Rd1 Rc2 44. h3 Qc3 45. Qd4+ Qxd4 46. Rxd4 Rxa2 47. Rc4 Rb2 48. Rc3 Kf6 49. Kf1 Ke7 50. Rxc7+ Kf6 51. Rc3 Kf5 52. g3 e5 53. Kg2 h5 54. Kf3 e4+ 55. Ke3 Ke5 56. f4+ exf3 57. Kxf3 f5 58. Ke3 Rb1 59. Kd2 Rb2+ 60. Kc1 Rh2 61. h4 Rh3 62. b4 Kd4 63. Rb3 f4 64. b5 Rxg3 65. Rb4+ Ke3 66. b6 Rg1+ 67. Kc2 Rg2+ 68. Kc3 f3 69. b7 f2 70. Rb1 Ke2 71. b8=Q Rg1 72. Qe5+ Kf3 73. Qd5+ Ke2 74. Qe4# 1-0

[Event "4NCL Online Division 5"]
[Site "online"]
[Date "2021.08.24"]
[EventDate "2021.08.24"]
[Round "1.231"]
[White "Smith, Jonathan"]
[WhiteElo "1445"]
[WhiteTeam "Shropshire and Friends 7"]
[Black "Dunford, Anthony D"]
[BlackElo "1798"]
[BlackTeam "The Hemel's Gambit"]
[Result "1/2-1/2"]
[PlyCount "74"]

1. d4 Nf6 2. c4 e5 3. e3 exd4 4. exd4 Bb4+ 5. Bd2 Bxd2+ 6. Nxd2 O-O 7. Ngf3 d5 8. Be2 dxc4 9. Nxc4 Nc6 10. O-O Bg4 11. h3 Bh5 12. g4 Bg6 13. Nfe5 Nxd4 14. Nxg6 Nxe2+ 15. Qxe2 hxg6 16. Rad1 Qe8 17. Qxe8 Rfxe8 18. Rfe1 Rxe1+ 19. Rxe1 Kf8 20. Kf1 Rd8 21. Re2 Nd5 22. Na5 Nf4 23. Nxb7 Rb8 24. Re4 Rxb7 25. Rxf4 Rxb2 26. Ra4 c5 27. Rxa7 c4 28. Rc7 Rb4 29. a3 Ra4 30. Ke2 Rxa3 31. Rxc4 Rxh3 32. f3 f5 33. Rf4 Rh4 34. Ke3 Kf7 35. gxf5 g5 36. Rxh4 gxh4 37. Kf4 Kf6 1/2-1/2

[Event "4NCL Online Division 5"]
[Site "online"]
[Date "2021.08.24"]
[EventDate "2021.08.24"]
[Round "1.232"]
[White "Rollinson, David"]
[WhiteElo "1618"]
[WhiteTeam "The Hemel's Gambit"]
[Black "Casewell, John M"]
[BlackElo "1330"]
[BlackTeam "Shropshire and Friends 7"]
[Result "1-0"]
[PlyCount "173"]

1. d4 d5 2. Nf3 Bf5 3. c4 e6 4. Nc3 Nc6 5. a3 Nf6 6. Bg5 Be7 7. e3 b6 8. Qa4 Qd7 9. cxd5 exd5 10. Bb5 O-O 11. Bxc6 Qd8 12. Bxa8 Qxa8 13. O-O Bd7 14. Qc2 Qd8 15. Rac1 c6 16. Ne5 Be8 17. Ne2 c5 18. Ng3 Kh8 19. Nf5 Bd6 20. Nxd6 Qxd6 21. Bf4 Qe7 22. dxc5 Bb5 23. Rfe1 Ne4 24. cxb6 axb6 25. Nf3 Nc5 26. Red1 Rd8 27. Qf5 Qe6 28. Qxe6 fxe6 29. Ne5 Rf8 30. b4 Ne4 31. Rc7 Nd6 32. Rdc1 Ba6 33. Ng6+ hxg6 34. Bxd6 Re8 35. Be5 Rg8 36. Rc8 Bxc8 37. Rc7 Kh7 38. a4 g5 39. a5 bxa5 40. bxa5 Kh6 41. g3 g6 42. Kg2 g4 43. Bf4+ g5 44. Be5 Kg6 45. Rc3 Kf5 46. Bc7 Bb7 47. Rb3 Ba6 48. Rb6 Ra8 49. Kg1 Be2 50. Rb2 Bc4 51. Kg2 Ra7 52. Bb6 Ra8 53. Rb4 Ba6 54. Rd4 Bb7 55. f3 gxf3+ 56. Kxf3 e5 57. Rb4 d4+ 58. Ke2 Ba6+ 59. Kd2 dxe3+ 60. Kxe3 Re8 61. g4+ Kg6 62. Bc7 Bf1 63. Rb6+ Kf7 64. Rd6 e4 65. a6 Bd3 66. Rd7+ Ke6 67. Rd4 Ra8 68. Rd6+ Ke7 69. Rg6 Rxa6 70. Rxg5 Kf6 71. Bd8+ Kf7 72. Rf5+ Kg6 73. h4 Ra8 74. h5+ Kh6 75. Rf6+ Kg7 76. Rg6+ Kh7 77. Rd6 Ra7 78. g5 Rg7 79. Bf6 Rb7 80. h6 Bb1 81. Rd8 Rb3+ 82. Kf4 Rf3+ 83. Ke5 e3 84. g6+ Kxh6 85. g7 Rg3 86. Rh8+ Kg6 87. g8=Q# 1-0

[Event "4NCL Online Division 5"]
[Site "online"]
[Date "2021.08.24"]
[EventDate "2021.08.24"]
[Round "1.233"]
[White "Evans, Alf"]
[WhiteElo "1328"]
[WhiteTeam "Shropshire and Friends 7"]
[Black "Cooper, John L"]
[BlackElo "1293"]
[BlackTeam "The Hemel's Gambit"]
[Result "1-0"]
[PlyCount "61"]

1. e4 c5 2. Nf3 e6 3. d4 d5 4. exd5 exd5 5. dxc5 Bxc5 6. Nc3 Nf6 7. h3 O-O 8. Bg5 Be7 9. Bd3 Nc6 10. Qd2 d4 11. Bxf6 Bxf6 12. Ne4 Re8 13. O-O Be7 14. a3 h6 15. Rfe1 Be6 16. Qf4 Rf8 17. Ng3 Qd7 18. Nf5 Bxf5 19. Bxf5 Qd6 20. Qg4 Qf6 21. Bd3 Rae8 22. Re2 Bd6 23. Rae1 Rxe2 24. Rxe2 Ne5 25. Nxe5 Bxe5 26. Qe4 Re8 27. Kf1 Qg6 28. Qxb7 Qg5 29. Re1 Qf6 30. Qe4 Qe7 31. Qh7+ 1-0

[Event "4NCL Online Division 5"]
[Site "online"]
[Date "2021.08.24"]
[EventDate "2021.08.24"]
[Round "1.234"]
[White "Shergill, Ranjit"]
[WhiteElo "1027"]
[WhiteTeam "The Hemel's Gambit"]
[Black "Ritchie, Stephen"]
[BlackElo "1164"]
[BlackTeam "Shropshire and Friends 7"]
[Result "1-0"]
[PlyCount "106"]

1. e4 c5 2. Nf3 d6 3. Bb5+ Bd7 4. Bxd7+ Nxd7 5. O-O e5 6. Nc3 Ngf6 7. Qe2 Be7 8. Nd5 Nxd5 9. exd5 O-O 10. d3 Nf6 11. c4 a6 12. Bg5 Nxd5 13. Bxe7 Nxe7 14. Qe4 Rb8 15. b3 f5 16. Qe2 Ng6 17. Rab1 Nf4 18. Qd2 Qf6 19. Rbe1 Qg6 20. g3 Qg4 21. Qd1 Nh3+ 22. Kh1 Ng5 23. Ng1 Qxd1 24. Rxd1 Ne6 25. Rd2 Nd4 26. Re1 f4 27. g4 Rbe8 28. f3 Re6 29. Rf2 Nc6 30. Re4 Nb4 31. Rd2 b5 32. a3 Nc6 33. Rb2 b4 34. a4 a5 35. Ne2 Rh6 36. Ng1 Nd4 37. Re1 Re6 38. Re4 Rd8 39. Kg2 d5 40. Re1 dxc4 41. dxc4 Nc6 42. Nh3 h6 43. Nf2 Red6 44. Ne4 Rd1 45. Rxd1 Rxd1 46. Nxc5 Kf7 47. Re2 Kf6 48. Ne4+ Ke7 49. Nf2 g5 50. Nxd1 Kd6 51. Rd2+ Nd4 52. Nf2 Kc5 53. Ne4+ Kb6 1-0

[Event "4NCL Online Division 5"]
[Site "online"]
[Date "2021.08.24"]
[EventDate "2021.08.24"]
[Round "1.241"]
[White "Dunn, Jeff"]
[WhiteElo "1355"]
[WhiteTeam "East Kilbride Rovers"]
[Black "Poynton, Edward"]
[BlackElo "1519"]
[BlackTeam "QMUL B"]
[Result "0-1"]
[PlyCount "86"]

1. d4 Nf6 2. Nf3 d5 3. e3 g6 4. Bd3 Bg7 5. Nbd2 O-O 6. O-O Nbd7 7. c4 c5 8. Rb1 Re8 9. e4 dxe4 10. Nxe4 cxd4 11. Qe2 Nxe4 12. Qxe4 Nc5 13. Qe2 e5 14. Nd2 f5 15. f3 Qb6 16. Re1 Bd7 17. b3 Qa6 18. a4 Bh6 19. Ba3 Qb6 20. Bxc5 Qxc5 21. b4 Qe7 22. a5 Be3+ 23. Kh1 Qg5 24. Nf1 Bf4 25. g3 Be3 26. Nxe3 dxe3 27. Qxe3 Qxe3 28. Rxe3 g5 29. Rbe1 e4 30. fxe4 fxe4 31. Bxe4 Rxe4 32. Rxe4 Bc6 33. b5 Bxe4+ 34. Rxe4 Rc8 35. Kg2 Rc7 36. Kf3 Kf7 37. Ke3 Kf6 38. Kd4 Kf5 39. Kd5 Rd7+ 40. Kc5 Kxe4 41. a6 bxa6 42. bxa6 Rc7+ 43. Kb5 Kd4 0-1

[Event "4NCL Online Division 5"]
[Site "online"]
[Date "2021.08.24"]
[EventDate "2021.08.24"]
[Round "1.242"]
[White "Moradmand, Bardia"]
[WhiteElo "1379"]
[WhiteTeam "QMUL B"]
[Black "Peakman, Jonlee"]
[BlackElo "1261"]
[BlackTeam "East Kilbride Rovers"]
[Result "0-1"]
[PlyCount "30"]

1. b3 e5 2. Bb2 Nc6 3. e3 Nf6 4. g3 d5 5. Bg2 Bc5 6. Ne2 O-O 7. O-O Qe7 8. d4 exd4 9. exd4 Bd6 10. c4 dxc4 11. bxc4 Bg4 12. Re1 Bb4 13. Bc3 Bxc3 14. Nbxc3 Rad8 15. d5 Ne5 0-1

[Event "4NCL Online Division 5"]
[Site "online"]
[Date "2021.08.24"]
[EventDate "2021.08.24"]
[Round "1.243"]
[White "Shrestha, Deepesh"]
[WhiteElo "1233"]
[WhiteTeam "East Kilbride Rovers"]
[Black "Camara, Pedro"]
[BlackElo "1391"]
[BlackTeam "QMUL B"]
[Result "1-0"]
[PlyCount "113"]

1. d4 e6 2. Bf4 Nc6 3. e3 Bd6 4. Bxd6 cxd6 5. c3 Nf6 6. Bd3 d5 7. Nd2 d6 8. Ngf3 e5 9. dxe5 dxe5 10. Bb5 Qe7 11. Qb3 Bd7 12. Be2 Be6 13. Qb5 O-O 14. Qa4 Rfd8 15. O-O Bd7 16. Qc2 Rac8 17. Rfd1 d4 18. exd4 exd4 19. Nb3 Nb4 20. Qd2 dxc3 21. bxc3 Bg4 22. Qe1 Nc2 23. Rxd8+ Rxd8 24. Qf1 Nxa1 25. Nxa1 Bxf3 26. Bxf3 Rd6 27. g3 Re6 28. Nc2 Ne4 29. Qd3 a6 30. c4 Nc5 31. Qf1 Re5 32. Kg2 Ne4 33. Qd3 h6 34. Ne3 Ng5 35. Bd5 g6 36. Qxg6+ Kh8 37. Qxh6+ Nh7 38. Ng4 Qg5 39. Nxe5 Qxe5 40. Bxb7 a5 41. Qa6 Qc5 42. Qb5 Qc7 43. f4 Nf6 44. c5 Kg7 45. c6 Kf8 46. Qc5+ Ke8 47. Qe5+ Qxe5 48. fxe5 Nd5 49. h4 Ke7 50. Kf3 f5 51. exf6+ Kxf6 52. Ke4 Ke6 53. h5 Kd6 54. h6 Ne7 55. h7 Nxc6 56. Bxc6 Kxc6 57. h8=Q 1-0

[Event "4NCL Online Division 5"]
[Site "online"]
[Date "2021.08.24"]
[EventDate "2021.08.24"]
[Round "1.244"]
[White "Suulker, Cem"]
[WhiteElo "1077"]
[WhiteTeam "QMUL B"]
[Black "Kean, Gary"]
[BlackElo "800"]
[BlackTeam "East Kilbride Rovers"]
[Result "1-0"]
[PlyCount "91"]

1. c4 c5 2. Nc3 e5 3. g3 Nc6 4. Bg2 Nge7 5. e3 d6 6. b3 g6 7. Bb2 Bg7 8. Nge2 O-O 9. d3 Nb4 10. a3 Nbc6 11. O-O a5 12. Rb1 b6 13. Nd5 Bb7 14. f4 Re8 15. Nxe7+ Qxe7 16. f5 g5 17. Nc3 f6 18. Nd5 Qf7 19. Nxb6 Ra6 20. Nd5 Bc8 21. Qd2 Ra7 22. Nb6 Ne7 23. g4 Bb7 24. e4 Bc6 25. Nd5 Rb7 26. Bc3 Nxd5 27. exd5 Bd7 28. Bxa5 Ra7 29. b4 cxb4 30. axb4 Raa8 31. c5 dxc5 32. bxc5 Bc8 33. c6 Qe7 34. Bb4 Qa7+ 35. Qf2 Qxf2+ 36. Rxf2 Ba6 37. Rd2 Bc8 38. d6 Rd8 39. Bd5+ Kh8 40. c7 Rd7 41. Bxa8 Bf8 42. Bc6 Rg7 43. Ra2 Bd7 44. Bxd7 Rxd7 45. c8=Q Rf7 46. Ra7 1-0

[Event "4NCL Online Division 5"]
[Site "online"]
[Date "2021.08.24"]
[EventDate "2021.08.24"]
[Round "1.251"]
[White "Richards, Maurice A"]
[WhiteElo "1497"]
[WhiteTeam "Bude Surfers B"]
[Black "Kucukyildiz, Alp Tugrul"]
[BlackElo "1439"]
[BlackTeam "KCS U13B"]
[Result "1/2-1/2"]
[PlyCount "133"]

1. Nf3 Nf6 2. c4 d6 3. g3 g6 4. b3 Bg7 5. Bb2 O-O 6. Bg2 Nc6 7. O-O Bf5 8. Nh4 Bd7 9. Nf3 Qc8 10. d3 Bh3 11. Ne1 Bxg2 12. Nxg2 Qh3 13. Nf4 Qh6 14. Qd2 Ng4 15. h4 e5 16. Ng2 Qxd2 17. Nxd2 f5 18. f3 Nf6 19. Rfe1 Rad8 20. e3 Nb4 21. Red1 Nxd3 22. Ba3 Nc5 23. e4 fxe4 24. Bxc5 dxc5 25. Nxe4 Nxe4 26. fxe4 Rd4 27. Rxd4 cxd4 28. Rd1 c5 29. Ne1 Re8 30. Nd3 Bf8 31. Kg2 Bd6 32. Rf1 Rf8 33. Rxf8+ Kxf8 34. Kf3 Kf7 35. Kg4 Kf6 36. h5 h6 37. hxg6 Kxg6 38. Nf2 h5+ 39. Kf3 Kg5 40. a4 a5 41. Nd3 h4 42. gxh4+ Kxh4 43. Nf2 Be7 44. Nd3 Bd6 45. Nf2 Kg5 46. Kg3 b6 47. Nd3 Bc7 48. Nf2 Bd8 49. Nd3 Bf6 50. Nf2 Kh5 51. Nd3 Bg7 52. Kh3 Kg5 53. Kg3 Bh8 54. Kh3 Bg7 55. Kg3 Bf6 56. Kh3 Kg6 57. Kg4 Bg7 58. Nf2 Bh6 59. Nd3 Kf6 60. Nf2 Be3 61. Nd3 Kg6 62. Ne1 Kf6 63. Nd3 Ke6 64. Ne1 Bf2 65. Nd3 Be3 66. Ne1 Kf6 67. Nd3 1/2-1/2